000
00237 a2200097 4500
005
20260309133036.0
100
_a
Musaddiq, Mansam (121119)
245
_a
Explanstory Accounts for Relations....
260
_a
Multan:
_b
AUMC,
_c
2014
942
_c
SP
999
_c
47106
_d
47106